MARC

LEADER 00000nam0a2200000 4500
001 298101
005 20231102001054.0
035 |a (RuTPU)RU\TPU\book\323243 
090 |a 298101 
100 |a 20150616d1955 k y0rusy50 ca 
101 0 |a rus 
102 |a RU 
105 |a a z 001zy 
200 1 |a Химическая география вод суши  |f Г. А. Максимович 
210 |a Москва  |c Изд-во географической литературы  |d 1955 
215 |a 328 с.  |c ил. 
320 |a Библиогр.: с. 280-328. 
606 1 |a Воды природные  |x Гидрогеохимия  |2 stltpush  |3 (RuTPU)RU\TPU\subj\3203  |9 31656 
610 1 |a химический состав 
610 1 |a атмосферные осадки 
610 1 |a почвенные воды 
610 1 |a грунтовые воды 
610 1 |a речные воды 
610 1 |a озерные воды 
610 1 |a география 
610 1 |a карстовые воды 
610 1 |a пластовые воды 
610 1 |a вулканоиды 
610 1 |a морские воды 
610 1 |a льды 
675 |a 556.114  |v 4 
700 1 |a Максимович  |b Г. А.  |g Георгий Алексеевич 
801 1 |a RU  |b 63413507  |c 20150616 
801 2 |a RU  |b 63413507  |c 20150617  |g RCR 
942 |c BK